| 000 | 01138nam0a2200301 4500 | ||
|---|---|---|---|
| 001 | RU\NLR\b_ik\201864 | ||
| 005 | 20260406041802.0 | ||
| 010 | _a978-5-94962-223-0 | ||
| 021 |
_aRU _b2013-28195 _91940 |
||
| 035 | _a(NLR Aleph) 009997656 | ||
| 090 |
_a9772656 _c9772656 |
||
| 100 | _a20130507d2013 |||y0rusy50 ca | ||
| 101 | 0 | _aeng | |
| 102 | _aRU | ||
| 105 | _ay ||||||||| | ||
| 200 | 1 |
_aLast bus to Woodstock _e[книга для чтения на английском языке] _fColin Dexter _gадапт., сокр. и слов.: Н.Г. Беспятых |
|
| 210 |
_aСанкт-Петербург _cAnthology _d2013 |
||
| 215 |
_a191 с. _d20 |
||
| 225 | 1 |
_aAbridged bestseller _iIntermediate |
|
| 606 | 1 |
_aАнглийский язык _jКниги для чтения _9972309 _3RU\NLR\auth\6646032 |
|
| 686 | _aШ143.21-93рус91 | ||
| 700 | 1 |
_4070 _8eng _7ba _aDexter _bC. _f1930-2017 _gColin _3RU\NLR\auth\772133 _9112150 |
|
| 702 | 1 |
_aBespjatych _bN. G. _gNadežda Georgievna _4010 |
|
| 801 | 0 |
_aRU _bNLR _c20130507 _gRCR |
|
| 801 | 1 |
_aRU _bNLR _c20130507 |
|
| 942 | _cBOOK | ||
| 980 | _aNB | ||